Official UK Cities on a Map Quiz Stats

Quiz Updated Feb 7, 2015

Also try: UK Populous Metros
Challenge
Share
Tweet
Score 0/69 Timer 10:00
59 Plays Today
% Correct
London
98%
Manchester
94.3%
Glasgow
93%
Edinburgh
91.9%
Liverpool
91.6%
Cardiff
89.2%
Belfast
88.8%
Birmingham
87.4%
Newcastle-upon-Tyne
85.5%
Leeds
82.8%
Aberdeen
81.7%
Bristol
79.9%
Swansea
78.4%
Southampton
76.3%
Oxford
75.8%
Cambridge
75.5%
York
74.9%
Portsmouth
74.4%
Norwich
73.3%
Brighton & Hove
71.9%
Plymouth
71.3%
Nottingham
70.8%
Sheffield
70%
Kingston-upon-Hull
67.9%
Leicester
67.4%
Inverness
67.2%
Exeter
66.1%
Dundee
64.8%
Bath
62.1%
Londonderry
61.9%
Sunderland
61%
Derby
58.4%
Chester
57.6%
Durham
56.1%
Carlisle
55.7%
% Correct
Coventry
55%
Bradford
53.4%
Stoke-on-Trent
52.1%
Canterbury
51.6%
Gloucester
50.6%
Lincoln
50.2%
Wolverhampton
50.1%
Truro
47.9%
Lancaster
45.3%
Perth
44.3%
Worcester
43.1%
Newport
41.9%
Winchester
40.4%
Stirling
39.6%
Preston
39.6%
Peterborough
38.7%
St Davids
37.5%
Bangor
37.1%
Salisbury
34.9%
Ely
34.4%
Hereford
34.3%
Westminster
33.6%
Chichester
30.6%
Chelmsford
30%
St Albans
29.4%
Salford
29%
Armagh
29%
Wells
28.3%
Wakefield
27.7%
Newry
24%
Lisburn
22.5%
Ripon
22.1%
Lichfield
20%
St Asaph
19.9%

You're not logged in!

Compare scores with friends on all Sporcle quizzes.
Join for Free
OR
Log In

You Might Also Like...

Show Comments

Extras

Top Quizzes Today


Score Distribution

Your Account Isn't Verified!

In order to create a playlist on Sporcle, you need to verify the email address you used during registration. Go to your Sporcle Settings to finish the process.

Report this User

Report this user for behavior that violates our Community Guidelines.

Details: